<?xml version="1.0" encoding="UTF-8"?>
<record
    xmlns:xsi="http://www.w3.org/2001/XMLSchema-instance"
    xsi:schemaLocation="http://www.loc.gov/MARC21/slim http://www.loc.gov/standards/marcxml/schema/MARC21slim.xsd"
    xmlns="http://www.loc.gov/MARC21/slim">

  <leader>00880cam a2200253   4500</leader>
  <controlfield tag="001">sa 63000854 </controlfield>
  <controlfield tag="003">DLC</controlfield>
  <controlfield tag="005">20260227111923.0</controlfield>
  <controlfield tag="008">910830m19609999ii a          000 0 hinr </controlfield>
  <datafield tag="010" ind1=" " ind2=" ">
    <subfield code="a">sa 63000854 </subfield>
  </datafield>
  <datafield tag="040" ind1=" " ind2=" ">
    <subfield code="a">DLC</subfield>
    <subfield code="c">DLC</subfield>
  </datafield>
  <datafield tag="043" ind1=" " ind2=" ">
    <subfield code="a">a-ii---</subfield>
  </datafield>
  <datafield tag="050" ind1="0" ind2="0">
    <subfield code="a">S471.I3</subfield>
    <subfield code="b">S9</subfield>
  </datafield>
  <datafield tag="100" ind1="0" ind2=" ">
    <subfield code="a">Amb&#x101;pras&#x101;da Sumana,</subfield>
    <subfield code="d">1916-1997.</subfield>
  </datafield>
  <datafield tag="245" ind1="1" ind2="0">
    <subfield code="a">Kr&#x325;shaka-j&#x12B;vana-sambandh&#x12B; Brajabh&#x101;sh&#x101;-&#x15B;abd&#x101;val&#x12B;;</subfield>
    <subfield code="b">Al&#x12B;ga&#x1E5B;ha-kshetra k&#x12B; bol&#x12B; ke &#x101;dh&#x101;ra para.</subfield>
    <subfield code="c">lekhaka Amb&#x101;pras&#x101;da  "Sumana." Nirde&#x15B;aka eva&#x1E43; bh&#x16B;mik&#x101;-lekhaka V&#x101;sudeva&#x15B;ra&#x1E47;a Agrav&#x101;la.</subfield>
  </datafield>
  <datafield tag="250" ind1=" " ind2=" ">
    <subfield code="a">1. sa&#x1E43;skara&#x1E47;a.</subfield>
  </datafield>
  <datafield tag="260" ind1=" " ind2=" ">
    <subfield code="a">Il&#x101;h&#x101;b&#x101;da,</subfield>
    <subfield code="b">Hindust&#x101;n&#x12B; Eke&#x1E0D;em&#x12B;,</subfield>
    <subfield code="c">[1960]-1961.</subfield>
  </datafield>
  <datafield tag="300" ind1=" " ind2=" ">
    <subfield code="a">2 v. :</subfield>
    <subfield code="b">ill. ;</subfield>
    <subfield code="c">26 cm.</subfield>
  </datafield>
  <datafield tag="500" ind1=" " ind2=" ">
    <subfield code="a">In Hindi.</subfield>
  </datafield>
  <datafield tag="500" ind1=" " ind2=" ">
    <subfield code="a">Includes indexes.</subfield>
  </datafield>
  <datafield tag="650" ind1=" " ind2="0">
    <subfield code="a">Agriculture</subfield>
    <subfield code="z">India.</subfield>
  </datafield>
  <datafield tag="651" ind1=" " ind2="0">
    <subfield code="a">India</subfield>
    <subfield code="x">Social life and customs.</subfield>
  </datafield>
  <datafield tag="650" ind1=" " ind2="0">
    <subfield code="a">Do-it-yourself work.</subfield>
  </datafield>
  <datafield tag="999" ind1=" " ind2=" ">
    <subfield code="c">53665</subfield>
    <subfield code="d">53665</subfield>
  </datafield>
</record>
